| Tag |
First Indicator |
Second Indicator |
Subfields |
| LEADER |
00000cam a2200000 a 4500 |
| 001 |
in00000070656 |
| 005 |
20151008061840.0 |
| 008 |
780928s1977 bl b 00010 porm |
| 010 |
|
|
|a 78370362
|
| 020 |
|
|
|c Cr$100.00
|
| 035 |
|
|
|a (OCoLC)04276216
|
| 035 |
|
|
|9 AAJ8968AM
|
| 040 |
|
|
|a DLC
|c DLC
|d TXA
|d UtOrBLW
|
| 043 |
|
|
|a s-bl---
|
| 049 |
|
|
|a TXAM
|c [386886]
|
| 050 |
0 |
0 |
|a RA395.B6
|b M44
|
| 082 |
0 |
|
|a 362.1/0981
|
| 100 |
1 |
|
|a Mello, Carlos Gentile de,
|d 1920-
|
| 245 |
1 |
0 |
|a Saude e assistencia medica no Brasil /
|c Carlos Gentile de Mello.
|
| 264 |
|
1 |
|a Sao Paulo :
|b CEBES-HUCITEC,
|c [1977]
|
| 264 |
|
4 |
|c ©1977
|
| 300 |
|
|
|a 269 pages ;
|c 21 cm.
|
| 336 |
|
|
|a text
|b txt
|2 rdacontent
|
| 337 |
|
|
|a unmediated
|b n
|2 rdamedia
|
| 338 |
|
|
|a volume
|b nc
|2 rdacarrier
|
| 490 |
1 |
|
|a Colecao Saude em debate ;
|v 1
|
| 500 |
|
|
|a "Co-edicao com a Editora de Humanismo, Ciencia e Tecnologia."
|
| 504 |
|
|
|a Includes bibliographies.
|
| 650 |
|
0 |
|a Medical care
|z Brazil.
|
| 650 |
|
0 |
|a Public health
|z Brazil.
|
| 830 |
|
0 |
|a Saúde em debate ;
|v 1.
|
| 999 |
|
|
|a MARS
|
| 999 |
f |
f |
|s 9dd7d402-c742-3871-8ed4-5550514bafbe
|i 96db100e-6be2-3a7d-a04f-2aad890f7238
|t 0
|
| 952 |
f |
f |
|p ric
|a Texas A&M University
|b Rellis Campus
|c Joint Library Facility
|d Remote Storage
|t 0
|e RA395.B6 M44
|h Library of Congress classification
|i unmediated -- volume
|m A14806227356
|
| 998 |
f |
f |
|a RA395.B6 M44
|t 0
|l Remote Storage
|